Things that are certain colours #4 - Statistics

General Stats
  • This quiz has been taken 26 times
  • The average score is 6 of 10
Answer Stats
Question Answer % Correct
Which of these things is yellow? Jaune
95%
Which of these things is green? Lime
82%
Which of these things is orange? Orange juice
68%
Which of these things is black? Eye pupil
64%
Which of these things has every visible colour? Rainbow
64%
Which of these things is brown? Ripe pine cone
64%
Which of these things is green? The left third of the Irish flag
55%
Which of these things is green? Corroded copper
27%
Which of these things is indigo? #4b0082
23%
Which of these things is lilac? The flame of burning potassium
18%
No matching quizzes found
Score Distribution
Percent of People with Each Score
Percentile by Number Answered
Your Score History
You have not taken this quiz